000 00366nam a2200157Ia 4500
008 230312s9999||||xx |||||||||||||| ||und||
020 _a0-19-597128-6
082 _a820
_bALC-L
100 _aAlcott;Louisa.M
245 0 _aLittle Women
260 _bOxford
_aChina
_c2005
300 _a60
546 _aEng.
650 _aLiterature
_vEnglish Literature
942 _cBK
999 _c9375
_d9375